| 000 | 00603nam a2200157 4500 | ||
|---|---|---|---|
| 001 | 121142 | ||
| 003 | ES-MaACL | ||
| 005 | 20230906191710.0 | ||
| 007 | t| | ||
| 008 | 070214q1956 sp r ||||1| spa d | ||
| 100 | 1 |
_aPons Gendrau, Salvador. _993014 |
|
| 245 | 1 | 3 |
_aEl arte de cazar _b: armamento, equipo y accesorios, el perro de caza, caza de la liebre y del conejo, la perdiz, la codorniz, otras aves, caza mayor, caza y distribución de alimañas / _cSalvador Pons Gendrau. |
| 260 |
_aBarcelona : _bSintes, _c[1956?] |
||
| 300 |
_a400 p. : _bil. ; _c19 cm. |
||
| 852 |
_aES-MaACL _jC-12913 _bR.40867 |
||
| 999 |
_c121142 _d121142 |
||